Religion : a beginner’s guide (Record no. 285532)

MARC details
000 -LEADER
fixed length control field 00567nam a2200193Ia 4500
008 - FIXED-LENGTH DATA ELEMENTS--GENERAL INFORMATION
fixed length control field 191130s2006##################000#0#eng##
020 ## - INTERNATIONAL STANDARD BOOK NUMBER
ISBN 9781851682584
082 ## - DEWEY DECIMAL CLASSIFICATION NUMBER
Classification number 291 FOR
100 ## - MAIN ENTRY--AUTHOR NAME
Personal name Forward, Martin
245 ## - TITLE STATEMENT
Title Religion : a beginner’s guide
Statement of responsibility, etc Martin Forward
260 ## - PUBLICATION, DISTRIBUTION, ETC. (IMPRINT)
Place of publication Oxford
Name of publisher Oneworld
Year of publication c2006
300 ## - PHYSICAL DESCRIPTION
Number of Pages xvii, 190 p. ; 23 cm
500 ## - GENERAL NOTE
General note Includes bibliographical references (p. 179-183) and indexes
650 ## - SUBJECT ADDED ENTRY--TOPICAL TERM
Topical Term Religion
991 ## -
-- 449114
Holdings
Withdrawn status Lost status Damaged status Not for loan Home library Current library Shelving location Date acquired Full call number Accession Number Price effective from Koha item type
        Anna Centenary Library Anna Centenary Library 3RD FLOOR, B WING 15.10.2020 291 FOR 312431 15.10.2020 Books
        Anna Centenary Library Anna Centenary Library 3RD FLOOR, B WING 15.10.2020 291 FOR 580472 15.10.2020 English Books

Find us on the map